The noble scholar, jurist, historian


 His Excellency Dr. Abdul Wahhab bin Ibrahim Abu Sulaiman, may Allah have mercy on him.


 He was born in Umm Al-Qura in the year 1356 AH.

عالمية الإسلام والعولمة : (Record no. 14397)

MARC details
000 -LEADER
fixed length control field 01475cam a22002891i 4500
003 - CONTROL NUMBER IDENTIFIER
control field SA-RiAUC
005 - DATE AND TIME OF LATEST TRANSACTION
control field 20260220122438.0
008 - FIXED-LENGTH DATA ELEMENTS--GENERAL INFORMATION
fixed length control field 260218s2003 ir g b i10000 ara c
020 ## - INTERNATIONAL STANDARD BOOK NUMBER
International Standard Book Number 9647994230
040 ## - CATALOGING SOURCE
Original cataloging agency SA-JeALM
Language of cataloging ara
Transcribing agency SA-RiAUC.
Description conventions rda
050 #4 - LIBRARY OF CONGRESS CALL NUMBER
Item number M88 2003
082 04 - DEWEY DECIMAL CLASSIFICATION NUMBER
Classification number 214.32717
Assigning agency SA-RiAUC
090 ## - LOCALLY ASSIGNED LC-TYPE CALL NUMBER (OCLC); LOCAL CALL NUMBER (RLIN)
Classification number (OCLC) (R) ; Classification number, CALL (RLIN) (NR) 214.32717
Local cutter number (OCLC) ; Book number/undivided call number, CALL (RLIN) م ؤ ت
111 2# - MAIN ENTRY--MEETING NAME
Meeting name or jurisdiction name as entry element المؤتمر الدولي للوحدة الإسلامية
Location of meeting طهران)
Date of meeting or treaty signing 2003 :
Number of part/section/meeting (16 :
245 10 - TITLE STATEMENT
Title عالمية الإسلام والعولمة :
Remainder of title مجموعة مقالات المؤتمر الدولي السادس عشر للوحدة الإسلامية /
Statement of responsibility, etc. المجمع العالمي للتقريب بين المذاهب الإسلامية ؛ تقديم طه مرقاتي.
250 ## - EDITION STATEMENT
Edition statement الطبعة الأولى.
264 #1 - PRODUCTION, PUBLICATION, DISTRIBUTION, MANUFACTURE, AND COPYRIGHT NOTICE
Place of production, publication, distribution, manufacture طهران :
Name of producer, publisher, distributor, manufacturer المجمع العالمي للتقريب بين المذاهب الإسلامية، إدارة النشر والمطبوعات،
Date of production, publication, distribution, manufacture, or copyright notice 2003
300 ## - PHYSICAL DESCRIPTION
Extent 152 صفحة ؛
Dimensions 24 سم
336 ## - CONTENT TYPE
Content type term نص
Content type code txt
Source rdacontent
Materials specified كتاب
337 ## - MEDIA TYPE
Media type term بدون وسيط
Media type code n
Source rdamedia
504 ## - BIBLIOGRAPHY, ETC. NOTE
Bibliography, etc. note يشتمل على إرجاعات ببليوجرافية.
650 #7 - SUBJECT ADDED ENTRY--TOPICAL TERM
Topical term or geographic name entry element الإسلام والعولمة
Form subdivision مؤتمرات
Source of heading or term aucsh
700 1# - ADDED ENTRY--PERSONAL NAME
Personal name مرقاتي، طه
Relator term مقدم.
710 2# - ADDED ENTRY--CORPORATE NAME
Corporate name or jurisdiction name as entry element المجمع العالمي للتقريب بين المذاهب الإسلامية (طهران)
Relator term منظم.
942 ## - ADDED ENTRY ELEMENTS (KOHA)
Source of classification or shelving scheme Dewey Decimal Classification
Koha item type Books
Suppress in OPAC No
949 ## - LOCAL PROCESSING INFORMATION (OCLC)
a SA-JeALM
d 260218
u osman123
n 1
Holdings
Withdrawn status Lost status Source of classification or shelving scheme Damaged status Not for loan Home library Current library Date acquired Total checkouts Full call number Barcode Date last seen Price effective from Koha item type
    Dewey Decimal Classification     DR AbdElwahab Library DR AbdElwahab Library 02/20/2026   214.32717 م ؤ ت 000022821 02/20/2026 02/20/2026 Books